Statistics for Battle of neighbors - Finland vs. Sweden

Click here to take the quiz!

General Stats

  • This quiz has been taken 259 times
    (177 since last reset)
  • The average score is 15 of 20

Answer Stats

QuestionAnswer% Correct
Bigger by populationSweden
98%
Longer border with NorwaySweden
95%
Famously stopped the Soviet invasion in WW2Finland
94%
More Noble price winnersSweden
94%
Has ruled another in historySweden
93%
Has had colony in AfricaSweden
92%
Northernmost pointFinland
89%
Bigger by areaSweden
89%
More forests per square kmFinland
88%
More Formula one World championsFinland
84%
Happier country to live according to ForbesFinland
83%
Bigger GDP per capitaSweden
81%
Homeland of many World-famous musical artistsSweden
80%
More lakesFinland
79%
Higher mountainSweden
78%
Bigger military forcesFinland
59%
Member of EMUFinland
57%
More ice hockey World champion gold medalsSweden
53%
More olympic gold medals in athleticsFinland
35%
Latest one season top goal scorer in UEFA champions leagueFinland
26%

Score Distribution

Percentile by Number Answered

Percent of People with Each Score

Your Score History

You have not taken this quiz since the last reset